Population geography / (Record no. 102234)
[ view plain ]
| 000 -LEADER | |
|---|---|
| fixed length control field | 01104nam a22002537a 4500 |
| 005 - DATE AND TIME OF LATEST TRANSACTION | |
| control field | 20170512115757.0 |
| 010 ## - LCCN (DPL NO) | |
| LC control number | 1617EN ENG-118029 |
| 020 ## - INTERNATIONAL STANDARD BOOK NUMBER | |
| International Standard Book Number | 9789384866259 |
| Terms of availability | 750.00 |
| 035 ## - SYSTEM CONTROL NUMBER | |
| System control number | B-647545-533 |
| 035 ## - SYSTEM CONTROL NUMBER | |
| System control number | EN-101561 |
| 035 ## - SYSTEM CONTROL NUMBER | |
| System control number | B-666089 |
| 037 ## - SOURCE OF ACQUISITION | |
| Stock number | dpl |
| Source of stock number/acquisition | Variety |
| 037 ## - SOURCE OF ACQUISITION | |
| Source of stock number/acquisition | DBAD/PUB |
| 082 ## - DEWEY DECIMAL CLASSIFICATION NUMBER | |
| Classification number | 304.6 |
| 245 ## - TITLE STATEMENT | |
| Title | Population geography / |
| Statement of responsibility, etc | edited by Akhilesh Kumar Pandey |
| 260 ## - PUBLICATION, DISTRIBUTION, ETC. (IMPRINT) | |
| Place of publication, distribution, etc | Delhi |
| Name of publisher, distributor, etc | Ancient Publishing House |
| Date of publication, distribution, etc | 2015 |
| 270 ## - ADDRESS | |
| Address | V-75, Street No.15-A, Vijay Park, Near C-11, Shiv Sadhana Mandir, Yamuna Vihar |
| City | Delhi |
| Postal code | 110053 |
| 300 ## - PHYSICAL DESCRIPTION | |
| Extent | 290p. |
| Dimensions | 23cm(Hb) |
| 500 ## - GENERAL NOTE | |
| General note | Includes bibliographical references and index |
| 700 ## - ADDED ENTRY--PERSONAL NAME | |
| Personal name | Pandey, Akhilesh Kumar |
| 942 ## - ADDED ENTRY ELEMENTS (KOHA) | |
| Source of classification or shelving scheme | Dewey Decimal Classification |
| Item type | English Books |
| Call number suffix | POP |
| Classification part | 304.6 |
| Withdrawn status | Lost status | Not for loan | Collection code | Home library | Current library | Date acquired | Source of acquisition | Cost, normal purchase price | Full call number | Barcode | Copy number | Cost, replacement price | Koha item type |
|---|---|---|---|---|---|---|---|---|---|---|---|---|---|
| Non-fiction | Ashok Vihar | Ashok Vihar | 12/05/2017 | BPPD/EN/2016-17/AV/16-17/474/15.2.2017/1428/7.3.2017/ 10.3.2017 | 750.00 | 304.6 POP | B-666089 | 1 | 750.00 | English Books | |||
| Non-fiction | Bawana | Bawana | 27/03/2017 | BPPD/EN/2016-17/308/24.11.2016/IN1369/5.12.2016/2.1.2017 | 750.00 | 304.6 POP | B-647552 | 1 | 750.00 | English Books | |||
| Non-fiction | Central Library | Central Library | 27/03/2017 | BPPD/EN/2016-17/308/24.11.2016/IN1369/5.12.2016/2.1.2017 | 750.00 | 304.6 POP | B-647545 | 1 | 750.00 | English Books | |||
| Non-fiction | Janak Puri | Janak Puri | 27/03/2017 | BPPD/EN/2016-17/308/24.11.2016/IN1369/5.12.2016/2.1.2017 | 750.00 | 304.6 POP | B-647548 | 1 | 750.00 | English Books | |||
| Non-fiction | Karol Bagh | Karol Bagh | 27/03/2017 | BPPD/EN/2016-17/308/24.11.2016/IN1369/5.12.2016/2.1.2017 | 750.00 | 304.6 POP | B-647550 | 1 | 750.00 | English Books | |||
| Non-fiction | Kasturba Gandhi Marg | Kasturba Gandhi Marg | 27/03/2017 | BPPD/EN/2016-17/308/24.11.2016/IN1369/5.12.2016/2.1.2017 | 750.00 | 304.6 POP | B-647547 | 1 | 750.00 | English Books | |||
| Non-fiction | Narela | Narela | 27/03/2017 | BPPD/EN/2016-17/308/24.11.2016/IN1369/5.12.2016/2.1.2017 | 750.00 | 304.6 POP | B-647551 | 1 | 750.00 | English Books | |||
| Non-fiction | Patel Nagar | Patel Nagar | 27/03/2017 | BPPD/EN/2016-17/308/24.11.2016/IN1369/5.12.2016/2.1.2017 | 750.00 | 304.6 POP | B-647546 | 1 | 750.00 | English Books | |||
| Non-fiction | Sarojini Nagar | Sarojini Nagar | 27/03/2017 | BPPD/EN/2016-17/308/24.11.2016/IN1369/5.12.2016/2.1.2017 | 750.00 | 304.6 POP | B-647549 | 1 | 750.00 | English Books | |||
| Non-fiction | Shahdara Branch | Shahdara Branch | 27/03/2017 | BPPD/EN/2016-17/308/24.11.2016/IN1369/5.12.2016/2.1.2017 | 750.00 | 304.6 POP | B-647553 | 1 | 750.00 | English Books | |||
| Non-fiction | Shahdara Branch | Shahdara Branch | 03/05/2017 | DBAD/PUB | 750.00 | 304.6 POP | EN-101561 | 1 | 750.00 | English Books |
